| 000 | 00420nam a2200169Ia 4500 | ||
|---|---|---|---|
| 008 | 230524s9999 xx 000 0 und d | ||
| 020 | _a9780547178342 | ||
| 082 |
_a381.142 _bENG |
||
| 100 | _aBarbara Engler | ||
| 245 | 0 | _aPersonality Theories 8th ed. | |
| 250 | _a8TH | ||
| 260 |
_aNEW DELHI _bHoughton Mifflin _c2009 |
||
| 300 | _aXIV;554 | ||
| 500 | _aQuantity Number: 10 | ||
| 650 | _aManagement | ||
| 942 | _cBK | ||
| 999 |
_c42093 _d42093 |
||